Математическая модель критического объема капли, способного перейти в сварочную ванну при сварке с короткими замыканиями; Вестник науки Сибири; № 1 (2)
| Parent link: | Вестник науки Сибири: электронный научный журнал/ Томский политехнический университет (ТПУ).— , 2011-.— 2226-0064 № 1 (2).— 2012.— [С. 353-357] |
|---|---|
| Autore principale: | |
| Altri autori: | , |
| Riassunto: | Заглавие с титульного листа В результате исследования способа сварки с управляемым каплепереносом электродного металла, была разработана математическая модель критического объема капли, способного перейти в сварочную ванну при сварке с короткими замыканиями. Вследствие высокой сложности и многофакторности полученной физической зависимости, была создана линейная мультипликативная регрессионная модель, описывающая зависимость изменения величины объема капли от входных параметров режима процесса сварки. Сравнение экспериментальных и расчетных значений показало адекватность созданных моделей. |
| Lingua: | russo |
| Pubblicazione: |
2012
|
| Serie: | Машиностроение и транспорт |
| Soggetti: | |
| Accesso online: | http://earchive.tpu.ru/handle/11683/16022 |
| Natura: | MixedMaterials Elettronico Capitolo di libro |
| KOHA link: | https://koha.lib.tpu.ru/cgi-bin/koha/opac-detail.pl?biblionumber=479148 |
MARC
| LEADER | 00000naa2a2200000 4500 | ||
|---|---|---|---|
| 001 | 479148 | ||
| 005 | 20231102015642.0 | ||
| 035 | |a (RuTPU)RU\TPU\prd\146013 | ||
| 035 | |a RU\TPU\prd\146012 | ||
| 090 | |a 479148 | ||
| 100 | |a 20120706d2012 k y0rusy50 ca | ||
| 101 | 0 | |a rus | |
| 102 | |a RU | ||
| 135 | |a drnn ---uucaa | ||
| 181 | 0 | |a i | |
| 182 | 0 | |a b | |
| 200 | 1 | |a Математическая модель критического объема капли, способного перейти в сварочную ванну при сварке с короткими замыканиями |f Н. В. Павлов, А. В. Крюков, А. М. Жуков | |
| 203 | |a Текст |c электронный | ||
| 215 | |a 1 файл (721 Кб) | ||
| 225 | 1 | |a Машиностроение и транспорт | |
| 230 | |a Электронные текстовые данные (1 файл : 721 Кб) | ||
| 300 | |a Заглавие с титульного листа | ||
| 320 | |a [Библиогр.: с. 357 (10 назв.)] | ||
| 330 | |a В результате исследования способа сварки с управляемым каплепереносом электродного металла, была разработана математическая модель критического объема капли, способного перейти в сварочную ванну при сварке с короткими замыканиями. Вследствие высокой сложности и многофакторности полученной физической зависимости, была создана линейная мультипликативная регрессионная модель, описывающая зависимость изменения величины объема капли от входных параметров режима процесса сварки. Сравнение экспериментальных и расчетных значений показало адекватность созданных моделей. | ||
| 337 | |a Adobe Reader | ||
| 461 | 1 | |0 (RuTPU)RU\TPU\prd\143680 |x 2226-0064 |t Вестник науки Сибири |o электронный научный журнал |f Томский политехнический университет (ТПУ) |d 2011- | |
| 463 | 1 | |0 (RuTPU)RU\TPU\prd\145194 |t № 1 (2) |v [С. 353-357] |d 2012 | |
| 610 | 1 | |a машиностроение | |
| 610 | 1 | |a сварка | |
| 610 | 1 | |a газы | |
| 610 | 1 | |a смеси | |
| 610 | 1 | |a математические модели | |
| 610 | 1 | |a труды учёных ТПУ | |
| 610 | 1 | |a электронный ресурс | |
| 675 | |a 621.791.03 |v 3 | ||
| 700 | 1 | |a Павлов |b Н. В. |c специалист в области сварочного производства |c старший преподаватель Юргинского технологического института (филиала) Томского политехнического университета |f 1986- |g Николай Викторович |2 stltpush |3 (RuTPU)RU\TPU\pers\29741 |9 14226 | |
| 701 | 1 | |a Крюков |b А. В. |c российский учёный в области сварки |c старший преподаватель Юргинского технологического института (филиал) Томского политехнического университета |g Артём Викторович |2 stltpush |3 (RuTPU)RU\TPU\pers\24492 | |
| 701 | 1 | |a Жуков |b А. М. |g Александр Михайлович | |
| 801 | 1 | |a RU |b 63413507 |c 20090623 |g PSBO | |
| 801 | 2 | |a RU |b 63413507 |c 20180115 |g PSBO | |
| 856 | 4 | |u http://earchive.tpu.ru/handle/11683/16022 | |
| 942 | |c BK | ||